It looks like you're offline.
Open Library logo
additional options menu

MARC Record from Scriblio

Record ID marc_records_scriblio_net/part19.dat:86859029:712
Source Scriblio
Download Link /show-records/marc_records_scriblio_net/part19.dat:86859029:712?format=raw

LEADER: 00712cam 2200241 a 4500
001 87013515 //r922
003 DLC
005 19920928101844.5
008 870506s1987 caua b 00110 eng
010 $a 87013515 //r922
020 $a0877014140
040 $aDLC$cDLC$dDLC
043 $ae-it---
050 00 $aTX809.M17$bD45 1987
082 00 $a641.8/22$219
100 10 $aDella Croce, Julia.
245 10 $aPasta classica :$bthe art of Italian pasta cooking /$cJulia della Croce.
260 0 $aSan Francisco :$bChronicle Books,$cc1987.
300 $a160 p. :$bill. (some col.) ;$c25 cm.
504 $aBibliography: p. 156-157.
500 $aIncludes index.
650 0 $aCookery (Pasta)
650 0 $aCookery, Italian.